000
00466nam a2200181Ia 4500
008
090124s9999 xx 000 0 und d
082
_b
45097
100
_a
मीरा
245
_a
झेन अथांग सागर
250
_a
1
260
_c
2006
300
_a
96
600
_a
मीरा
630
_a
झेन अथांग सागर
700
_a
मीरा
730
_a
झेन अथांग सागर
942
_c
BOOK
999
_c
111316
_d
111316